[Event "IOM Open-Masters 2017"]
[Site "Douglas"]
[Date "2017.09.24"]
[Round "2"]
[White "Birkisson, Bjorn Holm"]
[Black "Vaishali, R."]
[Result "0-1"]
[WhiteElo "2023"]
[BlackElo "2329"]
[Annotator "ChessBase"]
[PlyCount "62"]
[EventDate "2017.??.??"]
[EventType "swiss"]
[EventCountry "GBR"]
[SourceTitle "playchess.com"]
[Source "ChessBase"]
[SourceQuality "1"]
[TimeControl "40/6000+30:20/3000+30:900+30"]

1. b3 e5 2. Bb2 Nc6 3. e3 Nf6 4. Bb5 Bd6 5. Na3 Na5 6. Be2 a6 7. Nf3 Qe7 8. Nb1 c5 9. d4 cxd4 10. exd4 e4 11. Ne5 O-O 12. O-O Bc7 13. Nc4 Nxc4 14. bxc4 b5 15. a4 b4 16. d5 Re8 17. Bd4 Qd6 18. g3 Bb6 19. Be3 a5 20. Nd2 Bxe3 21. fxe3 Qb6 22. Kf2 Re5 23. g4 d6 24. Nb3 h5 25. h3 Qd8 26. Nd4 hxg4 27. hxg4 Nxg4+ 28. Bxg4 Qh4+ 29. Kg2 Rg5 30. Rf5 Rxg4+ 31. Kf1 Bxf5 0-1

[Event "IOM Open-Masters 2017"]
[Site "Douglas"]
[Date "2017.09.24"]
[Round "2"]
[White "Frank, Tena"]
[Black "Kolbus, Dietmar"]
[Result "0-1"]
[WhiteElo "2002"]
[BlackElo "2320"]
[Annotator "ChessBase"]
[PlyCount "186"]
[EventDate "2017.??.??"]
[EventType "swiss"]
[EventCountry "GBR"]
[SourceTitle "playchess.com"]
[Source "ChessBase"]
[SourceQuality "1"]
[TimeControl "40/6000+30:20/3000+30:900+30"]

1. d4 Nf6 2. c4 g6 3. Nc3 d5 4. Nf3 Bg7 5. Qb3 dxc4 6. Qxc4 O-O 7. e4 c6 8. Bg5 b5 9. Qb3 Be6 10. Qc2 Qa5 11. Bd2 b4 12. e5 bxc3 13. Bxc3 Qb6 14. exf6 Bxf6 15. Be2 Bd5 16. O-O Nd7 17. Rfd1 Rfe8 18. b3 Bg7 19. Rac1 e6 20. Qd2 a5 21. Rc2 Reb8 22. Qf4 Qd8 23. Ng5 Nf6 24. Nf3 Ne4 25. Ne5 f6 26. Nf3 a4 27. Bc4 axb3 28. Bxb3 Bxb3 29. axb3 Qd5 30. b4 Nxc3 31. Rxc3 Rxb4 32. Qc1 Ra6 33. h3 Rba4 34. Rc5 Qd7 35. Qb2 Bf8 36. Rcc1 Rb4 37. Qe2 Rab6 38. Re1 Kf7 39. h4 Qd5 40. Ra1 Rb7 41. Ra6 Rb1 42. Ra1 Rxe1+ 43. Rxe1 Ra7 44. Qb2 Qb5 45. Qc2 Rc7 46. Qe4 Qf5 47. Qxf5 gxf5 48. g3 Bh6 49. Re2 Bf8 50. Kg2 Bd6 51. Nd2 Rb7 52. Nc4 Bc7 53. Rc2 Ke7 54. Kf3 Kd7 55. Ke2 Ra7 56. Kd3 Ra1 57. Ke2 h5 58. Kf3 Rd1 59. Ke3 f4+ 60. gxf4 Rh1 61. Nb2 Rxh4 62. Nd3 Bd6 63. f3 Rh1 64. Rg2 Rb1 65. Rg7+ Ke8 66. Rh7 Rb5 67. Rh8+ Kf7 68. Rh7+ Kg6 69. Rd7 Rd5 70. Rd8 c5 71. Re8 cxd4+ 72. Kf2 Kf7 73. Ra8 Bf8 74. Ra6 h4 75. Ra7+ Kg6 76. Ra8 Bh6 77. Rg8+ Bg7 78. f5+ Rxf5 79. Rd8 e5 80. Nc5 Rh5 81. Kg2 h3+ 82. Kh2 Bh6 83. Ne4 Bf4+ 84. Kh1 Rh7 85. Nf2 Kf5 86. Rf8 Bh6 87. Rg8 Be3 88. Ng4 Rh4 89. Rf8 Bg5 90. Kh2 Rxg4 91. fxg4+ Kxg4 92. Rh8 Bf4+ 93. Kh1 d3 0-1

[Event "IOM Open-Masters 2017"]
[Site "Douglas"]
[Date "2017.09.24"]
[Round "2"]
[White "Dahl, Baard"]
[Black "Mannion, Stephen R"]
[Result "1/2-1/2"]
[WhiteElo "1974"]
[BlackElo "2320"]
[Annotator "ChessBase"]
[PlyCount "66"]
[EventDate "2017.??.??"]
[EventType "swiss"]
[EventCountry "GBR"]
[SourceTitle "playchess.com"]
[Source "ChessBase"]
[SourceQuality "1"]
[TimeControl "40/6000+30:20/3000+30:900+30"]

1. e4 e5 2. Nf3 Nc6 3. Bb5 a6 4. Ba4 Nf6 5. O-O Be7 6. d3 b5 7. Bb3 d6 8. a3 Be6 9. Nc3 Bxb3 10. cxb3 O-O 11. Be3 Nb8 12. b4 Nbd7 13. d4 Rc8 14. h3 Re8 15. Re1 Bf8 16. Bg5 c6 17. Rc1 Qb6 18. Rc2 Qb7 19. Rd2 exd4 20. Nxd4 c5 21. bxc5 Rxc5 22. Bxf6 Nxf6 23. Nb3 Rcc8 24. Rd4 Qb6 25. Qd3 Rb8 26. Re2 a5 27. Nd2 b4 28. axb4 axb4 29. Nc4 Qa6 30. Nd5 Nxd5 31. Rxd5 Re6 32. Rd2 g6 33. b3 Qa1+ 1/2-1/2

[Event "IOM Open-Masters 2017"]
[Site "Douglas"]
[Date "2017.09.25"]
[Round "3"]
[White "Carlsen, Magnus"]
[Black "Xiong, Jeffery"]
[Result "1-0"]
[WhiteElo "2827"]
[BlackElo "2633"]
[Annotator "TA"]
[PlyCount "65"]
[EventDate "2017.??.??"]
[EventType "swiss"]
[EventCountry "GBR"]
[SourceTitle "playchess.com"]
[Source "ChessBase"]
[SourceQuality "1"]

{[%evp 12,65,0,2,16,16,12,11,24,17,29,5,42,51,53,55,53,53,62,53,67,52,57,52,48,57,144,128,135,86,87,68,82,66,70,17,120,0,9,0,27,36,27,19,20,27,24,17,23,22,18,27,492,494,858,818]} 1. Nf3 c5 2. c3 Nf6 3. d4 e6 4. Bg5 d5 5. e3 h6 6. Bh4 Nc6 7. Nbd2 {LiveBook: 127 Games} a6 {D03: 1 d4 d5 2 Nf3 Nf6 3 Bg5, including Torre Attack with early ...d5} (7... g5 8. Bg3 Nh5 9. Be5 Nxe5 10. Nxe5 Nf6 11. Bb5+ Nd7 12. Qf3 Qe7 13. h4 Bg7 14. hxg5 hxg5 15. Rxh8+ Bxh8 {½-½ (35) So,W (2770)-Giri,A (2782) Paris 2016}) 8. Bd3 Be7 9. O-O Nd7 $146 {The position is equal.} ({Predecessor:} 9... b5 10. dxc5 Bxc5 11. b4 Be7 12. a4 bxa4 13. Qxa4 Bb7 14. Ne5 Qc8 15. Ndf3 {1-0 (43) Gausel,E (2490)-Djurhuus,R (2495) Gausdal 1995}) 10. Bxe7 Nxe7 11. Ne5 cxd4 12. exd4 Nxe5 13. dxe5 Bd7 14. Re1 Rc8 15. Nf3 b5 16. h4 a5 17. a3 {[%cal Ba2a3,Ba3a4][%mdl 32]} Qb6 18. Qd2 b4 (18... O-O $14) 19. cxb4 $16 axb4 20. a4 Ra8 21. b3 O-O {[%cal Bh8f8,Bf8c8,Bc8c3][%mdl 32]} 22. Rac1 Rfc8 23. h5 (23. Bb1 $14) 23... Kf8 {[#]} (23... Rc3 $1 $11) 24. g4 (24. Bb5 $1 $16 {[%mdl 512]} Bxb5 25. Qxb4) 24... Rc3 $1 $11 {[%cal Rc3b3]} 25. g5 hxg5 26. Rxc3 bxc3 27. Qxg5 Nf5 28. Bxf5 exf5 {[#]} 29. e6 $1 {[%mdl 512]} Bxe6 30. h6 $40 {[%mdl 128] Black needs to defend precisely.} gxh6 31. Qf6 {aiming for Nd4.} Kg8 $2 {[%mdl 8192]} (31... Qd8 $11 {and Black has nothing to worry.} 32. Qh8+ (32. Qxh6+ Ke7 $11) (32. Qxc3 Kg8 $11) 32... Ke7 33. Qxc3 Qd6) 32. Qxh6 $18 Qb4 (32... c2 $142 33. Kh1 Qxf2 34. Rg1+ Qxg1+ 35. Kxg1 f4 36. Qxf4 Rc8) 33. Kh1 {Precision: White = 67%, Black = 35%.} 1-0

[Event "IOM Open-Masters 2017"]
[Site "Douglas"]
[Date "2017.09.25"]
[Round "3"]
[White "Caruana, Fabiano"]
[Black "Vishnu Prasanna. V"]
[Result "1-0"]
[WhiteElo "2799"]
[BlackElo "2543"]
[Annotator "TA"]
[PlyCount "110"]
[EventDate "2017.??.??"]
[EventType "swiss"]
[EventCountry "GBR"]

{[%evp 21,110,46,40,44,52,48,54,53,47,75,54,36,48,78,82,70,199,112,113,104,85,31,70,53,52,45,29,36,51,46,39,20,28,9,9,9,14,0,0,0,20,0,81,76,57,76,97,97,80,26,50,27,62,0,0,0,199,199,216,220,221,213,324,199,199,197,186,161,197,192,198,185,512,512,829,829,824,825,825,825,825,800,29938,5214,5206,5206,5202,658,29983,29984,29998]} 1. e4 c5 2. Nf3 d6 3. d4 cxd4 4. Nxd4 Nf6 5. Nc3 Nc6 6. Bg5 e6 7. Qd2 Be7 8. O-O-O O-O 9. Nb3 a5 10. a4 d5 11. Bb5 Nb4 12. e5 {B63: Sicilian: Richter-Rauzer: 7...Be7 and unusual Black 7th moves} Nd7 13. Bxe7 Qxe7 14. f4 {White is slightly better.} Nc5 15. Nxc5 Qxc5 16. g4 (16. Kb1 Qc7 17. h4 Bd7 18. h5 h6 19. g4 Rfd8 20. Bxd7 Qxd7 {1-0 (29) Kokarev,D (2650)-Esipenko,A (2286) Samara 2014}) 16... b6 17. Rhf1 Bb7 18. f5 f6 $146 (18... Bc6 $14) ({Predecessor:} 18... Bc6 19. f6 Rfc8 20. Bxc6 Rxc6 21. fxg7 {0-1 (59) Khan,S-Dempster,D (1833) ICCF email 2005}) 19. exf6 ({Better is} 19. fxe6 $18 {Threatens to win with exf6.} fxe5 20. Qg5) 19... Rxf6 $16 20. fxe6 Rxe6 21. Kb1 (21. Ne2 $16) 21... Rd8 22. Rf4 (22. h4 {feels hotter.} Qe3 23. Qh2 Qe5 24. Qg2 Rf6 25. g5) 22... Bc6 23. Bxc6 Qxc6 24. h4 Re5 25. g5 Rde8 26. Rd4 Qe6 27. h5 Qf5 28. Rg1 Re3 29. h6 Rf3 {Hoping for ...Rf2.} 30. Qd1 {[%cal Rc3d5]} Rf2 {[%cal Rf2c2]} 31. Rd2 Rxd2 (31... Re5 $11) 32. Qxd2 d4 33. Na2 $1 {[%cal Ra2b4]} Nxa2 34. Kxa2 {[%mdl 4096] Endgame KQR-KQR} Qe6+ 35. Kb1 (35. b3 $1 $16) 35... Qe3 $11 36. Qd1 $40 {[%mdl 128] White is up to no good.} (36. Qg2 {is interesting.} d3 37. Qd5+ Kh8 38. Rc1 gxh6 39. gxh6 dxc2+ 40. Rxc2 Qxh6 41. Qd4+) 36... Re5 37. hxg7 (37. Ka2 $14) 37... Kxg7 38. Ka2 Rxg5 $2 (38... d3 $11 {and Black has nothing to worry.}) 39. Re1 $1 $18 {[%cal Re1e3]} Qf4 40. Re7+ {[%mdl 1024] White has strong compensation.} Kh8 41. Qh1 {[%csl Ge7][%cal Rh1h7]} Qf5 (41... Rg7 {keeps fighting.} 42. Qa8+ Rg8) 42. Qa8+ Rg8 43. Qc6 Rg7 44. Re1 Qf7+ {[#]} 45. b3 $1 Rg6 46. Re8+ Kg7 $2 (46... Rg8 {is a better chance.} 47. Re2 Qg6) 47. Qe4 Qf6 (47... d3 $142 48. Re7 dxc2 49. Rxf7+ Kxf7 50. Qxc2 h6) 48. Qb7+ Kh6 49. Re7 Qc6 50. Rxh7+ Kg5 51. Qe7+ Rf6 52. Qg7+ (52. Qe5+ $142 Kg4 53. Qxd4+ Kf5 54. Qd3+ Kg5 55. Qg3+ Kf5 56. Qh3+ Kf4 57. Rh4+ Ke5 58. Qe3+ Kd6 59. Rd4+ Qd5 60. c4 Qxd4 61. Qxd4+ Ke7 62. c5 bxc5 63. Qxc5+ Kf7 64. Qxa5) 52... Kf4 53. Rh4+ Ke5 54. Qg5+ (54. Rh5+ $142 Kf4 55. Rh4+ Ke5 56. Qg5+ Rf5 57. Qe7+ Qe6 {[#]} 58. Re4+ $1 {[%mdl 512]} Kxe4 59. Qxe6+ Re5 60. Qg6+ Kf3 61. Qd3+ Kg2 62. Qxd4) 54... Ke6 {[#]} 55. Qxf6+ $1 {[%mdl 512]} Kd5 {Precision: White = 50%, Black = 45%.} (55... Kxf6 56. Rh6+) 1-0

[Event "IOM Open-Masters 2017"]
[Site "Douglas"]
[Date "2017.09.25"]
[Round "3"]
[White "Anand, Viswanathan"]
[Black "Lubbe, Nikolas"]
[Result "1-0"]
[WhiteElo "2794"]
[BlackElo "2515"]
[Annotator "TA"]
[PlyCount "83"]
[EventDate "2017.??.??"]
[EventType "swiss"]
[EventCountry "GBR"]
[SourceTitle "playchess.com"]
[Source "ChessBase"]
[SourceQuality "1"]

{[%evp 16,83,27,18,25,20,21,20,35,13,27,0,0,0,15,6,15,8,35,32,33,42,84,84,72,63,93,85,101,97,111,102,95,81,84,81,79,79,71,75,77,40,40,35,34,30,42,43,37,42,22,38,88,88,549,547,502,328,458,498,839,826,877,850,29984,29985,29985,29986,29986,29986]} 1. e4 c5 2. Nf3 d6 3. d4 cxd4 4. Nxd4 Nf6 5. Nc3 a6 6. a4 e5 7. Nf3 Be7 8. Bg5 Nbd7 {B90: Sicilian Najdorf: Unusual White 6th moves, 6 Be3 Ng4 and 6 Be3 e5} (8... Be6 9. Bxf6 Bxf6 10. Nd5 Nd7 11. Bc4 Rc8 12. Qe2 Nb6 13. Nxf6+ Qxf6 14. Bxe6 Qxe6 15. O-O O-O 16. Rfd1 {1-0 (56) Movsesian,S (2677)-Yilmaz,M (2614) Reykjavik 2017}) 9. Bc4 {LiveBook: 5 Games} h6 10. Be3 Nb6 $146 {The position is equal.} ({Predecessor:} 10... Qc7 11. Qe2 Nc5 12. Nd2 Be6 13. Nd5 Nxd5 14. exd5 Bf5 15. O-O O-O 16. Rfc1 {1-0 (41) Aveskulov,V-Derjabin,I (2156) Kiev 2000}) 11. Bb3 Be6 12. Qd3 Rc8 13. Bxb6 (13. Nd2 {feels hotter.} Nbd7 14. O-O O-O 15. Rfd1 Qc7 16. a5) 13... Qxb6 14. a5 Qc7 15. Nd2 O-O 16. O-O Rfd8 17. Rfd1 Rd7 18. Na4 d5 {[#] And now ...dxe4 would win.} 19. Nb6 $1 {[%cal Re4d5]} dxe4 20. Qf1 Bg4 21. Nxd7 Qxd7 {[#]} 22. Nc4 $1 Qc7 23. Nb6 Rf8 24. Re1 Bb4 25. c3 Bxa5 26. Nd5 Nxd5 27. Bxd5 Rd8 28. Bxe4 ({Much worse is} 28. Rxe4 Rxd5 29. Rxg4 Rd2 $11) 28... Rd2 $1 29. h3 $36 {[%mdl 2048] White is more active.} Be6 {Strongly threatening ...Bc4.} 30. Re2 {[%cal Be1e2,Be2d2,Bd2d7][%mdl 32]} Bc4 31. Rxd2 Bxf1 32. Rxf1 {Rfd1 is the strong threat.} Kf8 33. Rfd1 {Threatens to win with Rd7.} Ke7 34. Bf5 {Hoping for Rd7+.} Kf6 $2 {[%mdl 8192]} (34... Qc6 $16 {is tougher.}) 35. Rd7 $18 Qc4 36. Bd3 Qa4 37. Be2 Qb3 (37... Qa2 $142 38. R1d6+ Kg5) 38. R1d6+ Kg5 39. g3 {[%cal Bg2g3,Bg3g4][%mdl 32]} g6 40. h4+ {White mates.} Kf5 41. g4+ Ke4 42. Rf6 {Precision: White = 79%, Black = 44%.} 1-0

[Event "IOM Open-Masters 2017"]
[Site "Douglas"]
[Date "2017.09.25"]
[Round "3"]
[White "Adams, Michael"]
[Black "Bok, Benjamin"]
[Result "1/2-1/2"]
[WhiteElo "2738"]
[BlackElo "2620"]
[Annotator "TA"]
[PlyCount "68"]
[EventDate "2017.??.??"]
[EventType "swiss"]
[EventCountry "GBR"]
[SourceTitle "playchess.com"]
[Source "ChessBase"]
[SourceQuality "1"]

{[%evp 9,68,20,22,19,22,17,31,15,17,8,17,21,35,10,21,0,0,0,0,0,0,0,18,0,0,-3,20,33,31,-20,-11,-34,-13,-13,-13,-13,-13,-14,-17,-22,0,0,0,-8,9,0,8,-6,-9,-44,-45,-36,-48,-47,-37,-97,-44,-31,-44,-35,0]} 1. e4 e5 2. Nf3 Nc6 3. Bb5 Nf6 4. d3 Bc5 5. Bxc6 dxc6 6. O-O {C65: Ruy Lopez: Berlin Defence (3...Nf6), unusual lines and 4 0-0 Bc5} Qe7 7. Nbd2 Bg4 8. Re1 {White is slightly better.} (8. h3 Bh5 9. a3 a5 10. Nc4 Nd7 11. g4 Bg6 12. b4 axb4 13. Bg5 f6 14. axb4 Rxa1 15. Qxa1 {½-½ (30) Anand,V (2783)-Nakamura,H (2792) Saint Louis 2017}) 8... Nd7 9. h3 Be6 $146 ({Predecessor:} 9... Bh5 10. Nf1 O-O 11. g4 Bg6 12. Ng3 f6 13. h4 Qe6 {½-½ (62) Petrosian,T (2602)-Feller,S (2570) Novi Sad 2009}) 10. c3 O-O 11. d4 Bd6 12. Nf1 f6 13. Ne3 Rfe8 14. b3 exd4 15. cxd4 Rad8 16. Bb2 Bb4 17. Re2 Ne5 18. Nh4 Qf7 19. Nef5 (19. f4 $14 Ng6 20. Nxg6 hxg6 21. Qc2) 19... Ng6 20. Re3 Nxh4 21. Nxh4 c5 {White should prevent ...cxd4.} 22. d5 c6 {[%cal Rc6d5]} 23. a3 Ba5 {[%cal Rc6d5]} 24. d6 c4 25. bxc4 Bb6 ({Don't play} 25... Bxc4 $6 26. Rg3 $14) 26. Rd3 Bc5 $36 {[%mdl 2048] Black fights for an advantage.} 27. Nf5 Rd7 28. Ne7+ Kh8 29. e5 fxe5 30. Bxe5 {Rf3 is the strong threat.} Bxc4 ({Much weaker is} 30... Qxf2+ $6 31. Kh2 $16) 31. Rd2 {[#]} Bd5 $1 {[%mdl 512]} 32. Qa4 {[#]} ({White should try} 32. Rb1 $15) (32. Nxd5 Rxe5) 32... Bxd6 (32... Bxg2 $1 $17 {[%mdl 512] White must now prevent ...Rexe7.} 33. Qg4 (33. Kxg2 Rexe7 34. Qf4 Qxf4 $17) 33... Rdxe7 34. dxe7 Bd5) 33. Bxd6 $15 Rxd6 34. Nxd5 Rxd5 {Precision: White = 45%, Black = 66%.} 1/2-1/2

[Event "IOM Open-Masters 2017"]
[Site "Douglas"]
[Date "2017.09.25"]
[Round "3"]
[White "Eljanov, Pavel"]
[Black "Bindrich, Falko"]
[Result "1-0"]
[WhiteElo "2734"]
[BlackElo "2598"]
[Annotator "TA"]
[PlyCount "127"]
[EventDate "2017.??.??"]
[EventType "swiss"]
[EventCountry "GBR"]
[SourceTitle "playchess.com"]
[Source "ChessBase"]
[SourceQuality "1"]

{[%evp 19,127,17,19,17,17,16,18,9,14,12,14,15,28,37,26,16,35,33,31,26,61,61,57,64,72,66,72,49,47,45,51,58,122,102,136,133,145,91,81,82,66,31,107,19,48,46,143,117,83,40,56,43,45,0,62,0,73,77,93,76,96,97,93,95,138,0,142,129,120,128,106,133,161,135,220,226,227,168,200,198,212,157,156,141,239,225,229,231,438,432,489,471,475,392,533,518,497,496,671,671,664,664,664,661,656,656,650,645,637,624]} 1. e4 e5 2. Nf3 Nc6 3. Bc4 Bc5 4. O-O Nf6 5. d3 d6 6. c3 O-O 7. Re1 h6 8. Nbd2 a6 9. Nf1 Ba7 10. Bb3 Be6 {LiveBook: 60 Games. C54: Giuoco Piano: 4 c3 Nf6, main lines with 5 d4 and 5 d3} (10... Re8 11. Ng3 Be6 12. Bxe6 Rxe6 13. d4 d5 14. Nxe5 Nxe5 15. dxe5 Nxe4 16. Nxe4 dxe4 17. Qh5 g6 18. Qxh6 Rxe5 {½-½ (36) Kramnik,V (2808)-So,W (2812) Leuven 2017}) 11. Bxe6 fxe6 12. Be3 Bxe3 {The position is equal.} 13. Rxe3 $146 Qd7 14. Ng3 Rad8 15. h3 Kh8 16. Qb3 Na5 17. Qc2 Qf7 18. b4 Nc6 19. a4 {[%cal Ba2a4,Ba4b5][%mdl 32]} Nh5 20. b5 axb5 21. axb5 Ne7 22. Nxh5 Qxh5 23. Ra7 Rb8 24. Qa2 Qf7 25. d4 Ng6 (25... Nc8 $14 26. Ra8 Nb6 27. Rxb8 Rxb8) 26. dxe5 $1 $16 dxe5 27. g3 Qd7 28. h4 (28. Qc4 $142) 28... Qxb5 29. h5 Ne7 30. Ra5 Qe8 ({Black should play} 30... Qb6 $14) 31. Nxe5 ({White should try} 31. Qxe6 $16 Nc6 32. Qxe8 Rfxe8 33. Rd5) 31... Qxh5 $11 32. Qxe6 Qd1+ (32... Rbd8 $14 33. Re1 b6) 33. Kg2 $16 Rbe8 34. Qa2 Kh7 35. Rd3 Qe1 36. Re3 Qd1 37. Rd3 Qe1 38. Ra4 $1 {[%cal Ba5a4,Ba4d4,Bd4d7,Bd7e7][%mdl 32]} b5 39. Rad4 c5 40. Re3 $36 {[%mdl 2048] White is in control.} Qc1 41. Rd7 Nc8 42. Ng4 (42. Rf3 $16 Qg5 43. Rxf8 Rxf8 44. Qe6) 42... Re7 {[#]} (42... Nb6 $1 $11 {remains equal.} 43. Rxg7+ Kxg7 44. Qa7+ Rf7 45. Qxb6 Rxf2+ 46. Kxf2 Rf8+ 47. Kg2 Qf1+ 48. Kh2 Rf2+ 49. Nxf2 Qxf2+ 50. Kh3 Qxe3) 43. Rxe7 $1 Nxe7 44. Qa7 Ng6 45. Qxc5 Qd1 46. Nh2 Qb3 (46... Qd7 $16 47. Qd4 Rd8) 47. Nf3 $18 Qe6 48. Qh5 {aiming for Ng5+.} Qe8 {...Nf4+! is the strong threat.} 49. Qd5 Qc8 50. e5 {[%cal Be4e5,Be5e6][%mdl 32]} Qg4 {( -> ...Nf4+)} 51. Qe4 Rf4 (51... Qxe4 $16 {was worth a try.} 52. Rxe4 Rc8) 52. Qd3 Rf5 {Hoping for ...Nf4+.} 53. Kf1 Qh3+ $2 (53... Qc4 54. Qxc4 bxc4) 54. Ke2 Qh5 55. e6 Rd5 56. Qe4 {Threatens to win with g4.} Rd8 57. g4 {White is clearly winning.} Qc5 58. Nh4 Qc4+ 59. Qxc4 bxc4 60. Nf5 Re8 61. e7 Nf4+ 62. Kf3 Nd5 {[#]} 63. Re5 $1 {[%cal Re5d5]} g6 64. Nd6 {Precision: White = 70%, Black = 47%.} 1-0

[Event "IOM Open-Masters 2017"]
[Site "Douglas"]
[Date "2017.09.25"]
[Round "3"]
[White "Almasi, Zoltan"]
[Black "Lampert, Jonas"]
[Result "1/2-1/2"]
[WhiteElo "2707"]
[BlackElo "2514"]
[Annotator "TA"]
[PlyCount "60"]
[EventDate "2017.??.??"]
[EventType "swiss"]
[EventCountry "GBR"]
[SourceTitle "playchess.com"]
[Source "ChessBase"]
[SourceQuality "1"]

{[%evp 19,60,0,0,8,14,0,0,-9,31,0,13,7,44,39,41,10,10,6,8,9,0,0,0,0,0,0,0,0,0,0,243,238,236,247,213,85,93,0,0,-20,-16,-22,-10]} 1. Nf3 d5 2. b3 Nf6 3. Bb2 e6 4. g3 Be7 5. Bg2 b6 6. c4 O-O 7. O-O c5 8. d4 Bb7 9. dxc5 Bxc5 10. cxd5 Nxd5 11. Nbd2 {[%cal Bb1d2,Bd2e4,Be4g5][%mdl 32] A14: English Opening: 1...e6 with b3 by White} Qe7 12. a3 {Threatens to win with e4.} a5 13. Qb1 $146 ({Predecessor:} 13. Ne5 Rd8 14. Nd3 Nc6 15. Nxc5 bxc5 16. e3 Ba6 17. Re1 a4 18. bxa4 Bd3 {½-½ (47) Giri,A (2771)-Kramnik,V (2808) Stavanger 2017}) 13... b5 14. Ne4 Bb6 15. Neg5 {[%csl Gg5][%cal Rb1h7]} f5 16. e4 Ne3 $1 {[%cal Re3g2]} 17. fxe3 Bxe3+ 18. Kh1 $1 Bxg5 19. Nxg5 Qxg5 20. Qd3 {Hoping for Rad1.} Rd8 21. Qxb5 Ba6 22. Qe5 Bxf1 23. Qxe6+ Kh8 24. Rxf1 Ra6 $2 {[#]} (24... Nd7 $11) 25. Qf7 $1 $18 ({Much less strong is} 25. Qxf5 $6 h6 $16) 25... h6 26. exf5 {And now f6 would win.} ({Don't do} 26. Rxf5 Qg6) 26... Nd7 {[#]} 27. Qd5 (27. h4 $1 $18 {[%cal Rh4g5] is the precise move to win.} Qxg3 28. Qe7) 27... Qe7 $16 28. Qb7 ({White should try} 28. Rd1 $16) 28... Qd6 $11 {The position is equal.} 29. Re1 Rb6 30. Qf3 Nf6 {Precision: White = 34%, Black = 85%.} 1/2-1/2

[Event "IOM Open-Masters 2017"]
[Site "Douglas"]
[Date "2017.09.25"]
[Round "3"]
[White "Vidit, Santosh Gujrathi"]
[Black "Brown, Michael William"]
[Result "1-0"]
[WhiteElo "2702"]
[BlackElo "2499"]
[Annotator "TA"]
[PlyCount "87"]
[EventDate "2017.??.??"]
[EventType "swiss"]
[EventCountry "GBR"]
[SourceTitle "playchess.com"]
[Source "ChessBase"]
[SourceQuality "1"]

{[%evp 15,87,40,37,35,38,0,27,26,27,14,18,25,27,12,18,18,18,21,21,0,20,13,16,16,21,11,11,0,28,19,34,17,12,20,22,19,18,12,25,24,7,22,12,0,19,23,32,0,13,40,106,73,114,114,98,71,154,145,143,83,72,72,134,131,204,201,298,277,590,565,29975,29977,29977,29978]} 1. e4 e5 2. Nf3 Nc6 3. Bb5 a6 4. Ba4 d6 5. O-O Bd7 6. c3 g6 7. d4 Bg7 8. Re1 Nf6 9. Nbd2 {[%cal Bb1d2,Bd2f1,Bf1e3][%mdl 32] C79: Ruy Lopez: Steinitz-type lines with 3...a6 4 Ba4 Nf6 5 0-0 d6} (9. Bxc6 Bxc6 10. dxe5 Nxe4 11. exd6 O-O 12. dxc7 Qxc7 13. Be3 Rfe8 14. Nbd2 Nxd2 15. Nxd2 Rad8 16. Qc2 Qd7 {1-0 (38) Vachier Lagrave,M (2788)-Caruana,F (2795) chess.com INT 2016}) 9... O-O 10. dxe5 dxe5 11. Nf1 {White has an edge.} h6 $146 ({Predecessor:} 11... Re8 12. Ng3 b5 13. Bc2 Na5 14. h3 c5 15. b3 Qc7 16. Nh2 b4 {1-0 (52) Toma,K (2252)-Samolins,V (2412) Riga 2011}) 12. Qe2 Re8 13. Bc2 Be6 14. Ne3 Qe7 15. a4 Rad8 16. b4 Nh5 17. Bb2 Nf4 18. Qf1 Nb8 19. Rad1 c6 20. Rxd8 Rxd8 21. Rd1 a5 22. bxa5 Qc7 23. g3 Nh3+ 24. Kg2 Qxa5 25. Rxd8+ Qxd8 26. Ba3 Ng5 27. Nxg5 hxg5 28. Qb1 $36 {[%mdl 2048] White has good play.} Qc7 29. Bb3 Bxb3 30. Qxb3 Nd7 31. Nc4 {Nd6 is the strong threat.} Bf8 32. Bxf8 Nxf8 (32... Kxf8 $14 33. Qb4+ c5) 33. a5 Ne6 34. Qd1 f6 35. h3 Qf7 ({Better is} 35... Kf8) 36. Qd6 $16 Kg7 {[#]} 37. a6 $1 {[%mdl 512]} bxa6 38. Qxc6 Qe7 (38... Nd8 $142 39. Qxa6 Qb7 40. Qxb7+ Nxb7) 39. Qxa6 Nc5 {[#]} (39... Qd7 $16 40. Qa5 Qc6) 40. Qc6 $1 $18 Qa7 (40... Ne6 $142 41. Ne3 Nd8) 41. Nd6 Nd3 $2 (41... Ne6 42. Nb7 Kh6 43. Qxe6 Qxb7 44. Qxf6 Qxe4+ 45. Qf3 Qc4 46. Qf8+ Kh7 47. Qe7+ Kg8 48. Qxe5 Kf7 49. Qxg5 Qc6+ 50. Kg1 Qxc3 51. Qd5+ Kg7) 42. Ne8+ Kh6 43. Qxf6 Kh7 44. Qf8 {Precision: White = 77%, Black = 40%.} 1-0

[Event "IOM Open-Masters 2017"]
[Site "Douglas"]
[Date "2017.09.25"]
[Round "3"]
[White "Short, Nigel D"]
[Black "Tari, Aryan"]
[Result "1/2-1/2"]
[WhiteElo "2698"]
[BlackElo "2588"]
[Annotator "TA"]
[PlyCount "63"]
[EventDate "2017.??.??"]
[EventType "swiss"]
[EventCountry "GBR"]
[SourceTitle "playchess.com"]
[Source "ChessBase"]
[SourceQuality "1"]

{[%evp 11,63,9,1,-2,17,12,7,9,5,6,30,0,25,0,0,-41,-17,-19,-11,-11,-15,-17,-14,-30,-26,-31,-13,-19,-15,-19,-11,-9,-10,-74,-74,-82,-77,-102,-97,-136,-32,-107,0,0,0,0,0,0,0,0,0,0,0,0]} 1. e4 c6 2. Nc3 d5 3. Nf3 Nf6 4. e5 Ne4 5. d4 Nxc3 6. bxc3 {B11: Caro-Kann: Two Knights Variation} c5 {LiveBook: 14 Games} (6... e6 7. Bd3 c5 8. O-O Nc6 9. a4 c4 10. Be2 Bd7 11. Ng5 Be7 12. Nh3 Qa5 13. Qd2 {1-0 (54) Karjakin,S (2774)-Arutinian,D (2527) Almaty 2016}) 7. Rb1 $146 ({Predecessor:} 7. c4 Nc6 8. Be2 cxd4 9. Nxd4 e6 10. O-O Be7 11. cxd5 exd5 12. Nxc6 bxc6 13. c4 {½-½ (21) Ziska,H (2544)-Rasmussen,A (2540) Vaxjo 2017}) 7... Nc6 8. dxc5 e6 9. Bd3 Bxc5 10. O-O h6 11. Qe2 O-O 12. c4 Nb4 13. Be3 (13. Ne1 {with more complications.} b6 14. Qg4 f5 15. Qg3 Kh8 16. cxd5 Nxd5 17. Bb5) 13... Nxd3 14. cxd3 Bxe3 15. Qxe3 dxc4 16. dxc4 b6 17. c5 Bb7 18. Rfc1 Qd7 19. cxb6 axb6 20. a3 Rfc8 21. Rxc8+ Rxc8 22. Qxb6 (22. h3 $11 {keeps the balance.}) 22... Bxf3 $1 $17 23. gxf3 $11 {[%mdl 4096] Endgame KQR-KQR} Qd3 $1 24. Qb7 {[#]} Rc4 $1 25. Ra1 Ra4 (25... Qg6+ $17 26. Kh1 Qh5) 26. Qc6 {[#]} (26. Qb8+ $15 Kh7 27. Qb1 Rxa3 28. Kg2) 26... Rxa3 ({Black should try} 26... Rf4 $1 $17 27. a4 Rxf3) 27. Qe8+ {The position is equal.} Kh7 28. Rxa3 Qxa3 29. Qxf7 Qc1+ 30. Kg2 Qg5+ 31. Kh1 Qxe5 32. Qb7 {Precision: White = 52%, Black = 58%.} 1/2-1/2